| 000 | 01062nam2a2200241 4500 | ||
|---|---|---|---|
| 001 | rc\2865763 | ||
| 005 | 20260315051108.0 | ||
| 035 | _a(NLR Aleph) 007019559 | ||
| 090 |
_a13580097 _c13580097 |
||
| 100 | _a20110712d1930 u y0rusy50 ca | ||
| 101 | 0 | _arus | |
| 102 | _aRU | ||
| 105 | _aa z ||||| | ||
| 200 | 1 | _aТехника и методика проведения подростковых игр | |
| 210 | _d[1930] | ||
| 215 |
_a33 с. _cил. |
||
| 461 | 0 |
_1001rc\2865744 _12001#$aФизкультура$eУрок 6, 12$vУрок 25 _95894845 _aЦентральный институт повышения квалификации кадров народного образования (Москва). Заочные курсы _c[Москва] _dБ. г. _nИн-т повышения квалификации кадров нар. образ. _oУрок 6, 12 _tФизкультура _vУрок 25 |
|
| 700 | 1 |
_aВишневский _bА.И. |
|
| 801 | 0 |
_aRU _bNLR _gpsbo |
|
| 801 | 1 |
_aRU _bELAR _2rusmarc |
|
| 852 |
_aNLR _j31-18/80-25 |
||
| 942 | _cUNSPEC | ||
| 980 | _aNB | ||